000 00933nam a22002651u 4500
001 05726
003 HDC
007 cr bn ---
008 210121p xx fo d 00 engg
040 _aHDC
100 _aHamzah Mohd. Salleh
_96027
245 0 _aCCM Halal Awareness Seminar :
_bPrinciples of Halal and Haram in Islam/
_cby Hamzah Mohd. Salleh
260 _a[No place] :
_b[publisher not identified],
_c2008
300 _a55 pages :
_bIllustrations
336 _atext
_2rdacontent
337 _acomputer
_2rdamedia
338 _aonline resource
_2rdacarrier
650 _aHalal industry
_9144
650 _aHalal Slaughtering
_96029
650 _aPrinciples of Halal & Haram
_96028
856 _zRequest full-text at [email protected]
942 _2lcc
942 _cSLIDE
942 _kSLID 000587
999 _c3050
_d3050